Score 0/20 Timer 05:00
2 Plays Today
% Correct
That's right! Abe Simpson is Homer Simpson's father
94.8%
That's right! Robert Barone is Ray Barone's brother
88%
That's right! Martin Crane is Niles Crane's father
85.8%
That's right! Frank Costanza is George Costanza's father
82.2%
That's right! Carter Pewterschmidt is Lois Griffin's father
82%
That's right! Peter Brady is Greg Brady's brother
81.1%
That's right! Shireen Baratheon is Selyse Baratheon's daughter
78.9%
That's right! Bobby Draper is Betty Francis' son
77.6%
That's right! Harold Levinson is Cora Crawley's brother
68.2%
That's right! Liane Cartman is Eric Cartman's mother
67.8%
% Correct
That's right! George Oscar Bluth Sr. is George Oscar Bluth Jr.'s father
64.5%
That's right! Junior Soprano is Tony Soprano's uncle
64.2%
That's right! Grace Florrick is Peter Florrick's daughter
59.8%
That's right! Sandra Green is Rachel Green's mother
58.6%
That's right! Debra Morgan is Harry Morgan's daughter
57.1%
That's right! Wilfred Mott is Donna Noble's grandfather
56.6%
That's right! Will Smith is Vivian Banks' nephew
54.6%
That's right! Ana Solis is Carlos Solis' first cousin once removed
52.8%
That's right! Kim Bauer is Teri Bauer's daughter
43.7%
That's right! Betty Smith is Stan Smith's mother
37%
Remove Ads.
Support Sporcle.
Get the best of Sporcle when you Go Orange. This ad-free experience offers more features, more stats, and more fun while also helping to support Sporcle. Thank you for becoming a member.

You're not logged in!

Compare scores with friends on all Sporcle quizzes.
OR
Log In

Sporcle TV

Today on Sporcle TV


Watch our educational content, quiz creation guides, and fun videos on Sporcle TV.

Show Comments

Extras

Top Quizzes Today


Score Distribution

Paid Content

Your Account Isn't Verified!

In order to create a playlist on Sporcle, you need to verify the email address you used during registration. Go to your Sporcle Settings to finish the process.

Report this User

Report this user for behavior that violates our Community Guidelines.

Details: